000 00336nam a2200145Ia 4500
005 20260328104335.0
008 260328s9999||||xx |||||||||||||| ||und||
100 _aLynch, Kevin
245 4 _aThe Image of the City /
_cKevin Lynch
250 _a2a ed.
260 _bMIT Press
300 _a194 p.
650 _aURBANISMO
942 _cBK
999 _c11872
_d11872